La frutilla; cultivo-propiedades-comercialización-industrialización /
Guardado en:
| Autor Principal: | |
|---|---|
| Formato: | Libro |
| Publicado: |
Buenos Aires :
Albatros,
1956
|
| Materias: | |
| Etiquetas: |
Agregar Etiqueta
Sin Etiquetas, Sea el primero en etiquetar este registro!
|
| LEADER | 00631nam a22002175a 4500 | ||
|---|---|---|---|
| 001 | CEM.cems016764 | ||
| 005 | 20141105173551.0 | ||
| 008 | 130507s1956##################000#0#####d | ||
| 003 | CEMS | ||
| 020 | |a . | ||
| 082 | 0 | 4 | |a 635 |
| 100 | 1 | |a Lerena Gabarret, Adolfo | |
| 245 | 1 | 0 | |a La frutilla; cultivo-propiedades-comercialización-industrialización / |c Adolfo Lerena Gabarret, |
| 260 | |a Buenos Aires : |b Albatros, |c 1956 | ||
| 300 | |a 207 p. | ||
| 653 | |a Frutilla | ||
| 653 | |a Horticultura | ||
| 653 | |a Cultivo forzado | ||
| 653 | |a Cultivo en toneles | ||
| 653 | |a Huerta | ||
| 859 | |a CEMS |b BIB. CEMS - Agricultura |h 635 |i L561 |p A0375.02 |t Ej.1 | ||
